Les Plantes silvestres del Parc Natural de Sant Llorenç del Munt i l'Obac / text i fotos: Jordi Miralles ; dibuixos: Vicenç Bros Jordi Miralles ; dibuixos:
ISBN:
84-505-1197-6
Descripción Física:
31 p. : il. ; 22 cm
Otros Autores:
Bros, Vicenç
MARC
| LEADER | 00000nam a2200000Ia 4500 | ||
|---|---|---|---|
| 001 | 12582 | ||
| 008 | 160829s1985 xx 000 0 cat d | ||
| 020 | |a 84-505-1197-6 | ||
| 080 | |a FU-14-28 | ||
| 100 | |a Miralles i Ferrer, Jordi |9 26008 | ||
| 245 | |a Les Plantes silvestres del Parc Natural de Sant Llorenç del Munt i l'Obac / text i fotos: |b Jordi Miralles ; dibuixos: |b Vicenç Bros | ||
| 260 | |a Barcelona : |b Diputació de Barcelona, Servei de Parcs Naturals, |c 1985 | ||
| 300 | |a 31 p. : |b il. ; |c 22 cm | ||
| 650 | 0 | |a Plantes silvestres |z Parc Natural de Sant Llorenç del Munt i l'Obac (Catalunya) |9 35180 | |
| 700 | |a Bros, Vicenç |9 35181 | ||
| 710 | |a Barcelona (Catalunya : Província). |b Servei de Parcs Naturals |9 53492 | ||
| 901 | |a Arxiu | ||
| 942 | |n 1 | ||
| 952 | |0 0 |1 0 |4 0 |6 FU1428 |7 1 |9 46800 |a Arxiu |b Arxiu |d 2016-12-01 |l 0 |o FU-14-28 |p 12582 |r 2016-12-01 00:00:00 |w 2016-12-01 |y ARXIU | ||
| 999 | |c 50593 |d 50593 | ||